Biblioteca

The child in the Bible / (Registro nro. 67520)

Detalles MARC
000 -LÍDER
Campo fijo de descripción fija 03027cam a2200361 i 4500
001 - NÚMERO DE CONTROL
Campo de control 768714001
003 - IDENTIFICADOR DEL NÚMERO DE CONTROL
Campo de control CO-MdFUSB
005 - FECHA Y HORA DE LA ULTIMA TRANSACCIÓN
control field 20220411121046.0
007 - CAMPO FIJO DE DESCRIPCIÓN FIJA--INFORMACIÓN GENERAL
Campo fijo de descripción fija ta
008 - ELEMENTOS DE LONGITUD FIJA -- INFORMACIÓN GENERAL
Campo fijo de descripción fija -- Información general 080324t2008 miu b 001 0 eng
020 ## - NÚMERO INTERNACIONAL NORMALIZADO PARA LIBROS
Número Internacional Normalizado del libro 9780802848352
040 ## - FUENTE DE CATALOGACIÓN
Agencia de catalogación original DLC
Agencia que realiza la transcripción CO-MdFUSB
Agencia que realiza la modificación BAKER
-- YDXCP
-- BTCTA
-- OCLCG
-- VLB
-- EMT
-- C#P
-- BWX
-- DLC
Idioma de catalogación spa
Convenciones de la descripción rda
041 ## - CÓDIGO DE IDIOMA
Código de idioma para texto/pista de sonido o título separado eng
082 00 - NÚMERO DE CLASIFICACIÓN DECIMAL DEWEY
Número de clasificación 220.830523
Número de la edición del Dewey 23
Clave de autor-Numero de item C536
245 04 - TÍTULO
Título del Material The child in the Bible /
Mención de responsabilidad, etc. Editado por: Marcia J. Bunge ; coeditado por Terence E. Fretheim, Beverly Roberts Gaventa.
264 #1 - PRODUCCIÓN, PUBLICACIÓN, DISTRIBUCIÓN, MANUFACTURA, Y COPYRIGHT
Lugar de producción, publicación, distribución, manufactura Grand Rapids, Mich. :
Nombre del productor, publicador, distribuidor Wm. B. Eerdmans Publishing Company,
Fecha de producción, publicación, distribución, manufactura, o copyright [2008]
264 #4 - PRODUCCIÓN, PUBLICACIÓN, DISTRIBUCIÓN, MANUFACTURA, Y COPYRIGHT
Fecha de producción, publicación, distribución, manufactura, o copyright © 2008
300 ## - DESCRIPCIÓN FÍSICA
Extensión 467 páginas ;
Dimensiones 23 cm.
336 ## - TIPO DE CONTENIDO
Fuente rdacontent
Término de tipo de contenido texto
Código de tipo de contenido txt
337 ## - TIPO DE MEDIO
Fuente rdamedia
Nombre del tipo de medio sin mediación
Código del tipo de medio n
338 ## - TIPO DE SOPORTE
Fuente rdacarrier
Nombre del tipo de soporte volumen
Código Tipo de soporte nc
504 ## - NOTA DE BIBLIOGRAFÍA, ETC.
Nota de bibliografía, etc Incluye referencias bibliográficas (p. 423-434) e índices.
505 ## - NOTA DE CONTENIDO
Nota de contenido con formato preestablecido Introducción / Marcia J. Bunge -- Textos de las Escrituras Hebreas -- "Dios estaba con el niño" (Génesis 21:20): los niños en el Libro del Génesis / Terence E. Fretheim -- El Éxodo como un "texto de terror" para los niños / Claire R. Mathews McGinnis -- Para que los niños sepan : los niños en Deuteronomio / Patrick D. Miller -- Para disciplinar sin destruir : el perfil multifacético del niño en Proverbios / William P. Brown -- "¡Mira! El niños y yo somos como señales y presagios en Israel": niños en Isaías / Jacqueline E. Lapsley -- "Israel, hijo mío": la ética de una metáfora bíblica / Brent A. Strawn -- Textos del Nuevo Testamento -- Niños en el Evangelio de Marcos, con especial atención a la bendición de Jesús a los niños (Marcos 10:13-16) y el propósito de Marcos / Judith M. Gundry -- "¿En qué se convertirá, pues, este niño?" : perspectivas sobre los niños en el Evangelio de Lucas / John T. Carroll -- Niños en el Evangelio de Juan / Marianne Meye Thompson -- "Cuéntame una historia" : perspectivas sobre los niños en los Hechos de los Apóstoles / Joel B. Green - - Encontrar un lugar para los niños en las cartas de Paul / Beverly Roberts Gaventa -- Como un niño : los usos retóricos de Paul de la infancia / Reidar Aasgaard -- Un lugar de pertenencia : perspectivas sobre los niños de Colosenses y Efesios / Margaret Y. MacDonald -- Ensayos temáticos -- Los niños y la imagen de Dios / W. Sibley Towner -- Personajes infantiles en las narraciones bíblicas : el joven David (1 Samuel 16-17) y la sierva israelita (2 Reyes 5,1-19) / Ester M. Menn -- "Puso a un niño pequeño en medio": Jesús, el Reino y los niños / Keith J. White -- Adopción en la Biblia / David L. Bartlett -- Niños vulnerables, pasión divina y obligación humana /Walter Brueggemann.
563 ## - NOTA DE ENCUADERNACIÓN
Nota de encuadernación Rústico
653 ## - TÉRMINO DE INDIZACIÓN - NO CONTROLADO
Término no controlado Niños en la Biblia
700 1# - ASIENTO SECUNDARIO - NOMBRE PERSONAL
Nombre personal Bunge, Marcia J.
Fuller form of name (Marcia JoAnn),
Fechas asociadas con el nombre 1954-
Responsabilidad editor
700 1# - ASIENTO SECUNDARIO - NOMBRE PERSONAL
Nombre personal Fretheim, Terence E.
Responsabilidad coeditor
700 1# - ASIENTO SECUNDARIO - NOMBRE PERSONAL
Nombre personal Gaventa, Beverly Roberts.
Responsabilidad coeditor
942 ## - TIPO DE MATERIAL (KOHA)
Tipo de Item KOHA Libros General
945 ## - INFORMACIÓN LOCAL DEL REGISTRO
Catalogador JTF-925
Existencias
Estado de Material Estado de Perdido Forma de Clasificación Estado de Dañado No para Préstamo Colección Biblioteca de Origen Biblioteca Permanente Fecha de Adquisición Área Total de Préstamos Total de Renovaciones Signatura Topográfica Código de Barras Última vez visto Última vez Préstado Ejemplar/Existencia Fecha de Remplazo Tipo de Material
    Dewey Decimal Classification     Colección General Biblioteca FUSBC Biblioteca FUSBC 23/03/2022 BIBLIA 2 3 G 220.830523 C536c 21685 13/04/2026 12/02/2026 Ej.1 23/03/2022 Libros General

Biblioteca FUSBC | Teléfono: (57+4) 349 88 10 Ext. 141| WhatsApp (+57) 3005338115 
E-mail: biblioteca@unisbc.edu.co | Calle 76 87-14 Robledo Palenque, Medellín, Colombia

Con tecnología Koha